How Can Soft Skills Be Integrated into the Process in a Helpful Way when Deciding on an Investment Request? Intangible Asset Management and Conversation Analysis as Possible Tools for Investors
Štvrtina malých a mladých firiem v počiatočnej fáze je stále odmietnutá z financovania. Aby miera zlyhania nezávisela len na matematicky škálovateľných hodnotách a skutočne dobrým firmám a podnikateľským nápadom dali reálnu šancu, je potrebné do rozhodovacieho procesu zahrnúť okrem čistých tvrdých f...
Uložené v:
| Hlavný autor: | |
|---|---|
| Ďalší autori: | |
| Médium: | Kapitola |
| Jazyk: | English |
| Predmet: | |
| Tagy: |
Žiadne tagy, Buďte prvý, kto otaguje tento záznam!
|
MARC
| LEADER | 00000naa a2200000 4500 | ||
|---|---|---|---|
| 001 | 0281616 | ||
| 005 | 20240502083906.1 | ||
| 041 | 0 | |a eng | |
| 044 | |a PL | ||
| 245 | 1 | 0 | |a How Can Soft Skills Be Integrated into the Process in a Helpful Way when Deciding on an Investment Request? |b Intangible Asset Management and Conversation Analysis as Possible Tools for Investors |c Jürgen Lange, Peter Markovič |
| 520 | |a Štvrtina malých a mladých firiem v počiatočnej fáze je stále odmietnutá z financovania. Aby miera zlyhania nezávisela len na matematicky škálovateľných hodnotách a skutočne dobrým firmám a podnikateľským nápadom dali reálnu šancu, je potrebné do rozhodovacieho procesu zahrnúť okrem čistých tvrdých faktov aj viac mäkkých zručností. Riešenia možno nájsť v správe nehmotného majetku a hlbšej analýze úverovej diskusie s pomocou možností Big data. | ||
| 610 | 2 | 0 | |a financovanie |
| 610 | 2 | 0 | |a podnik malý |
| 610 | 2 | 0 | |a dáta |
| 610 | 2 | 0 | |a investície |
| 610 | 2 | 0 | |a komunikácia |
| 100 | 1 | |a Lange, Jürgen | |
| 700 | 1 | |a Markovič, Peter, 1974- | |